Buteurs Derby ASSE-OL - Statistiques

Statistiques générales
  • Ce quiz a été pris 538 fois
  • Le résultat moyen est 25 sur 58
Statistiques - réponses
Hint Réponse % Correct
2018-2019 Nabil Fekir
87%
2017-2018 Nabil Fekir
87%
2017-2018 Nabil Fekir
87%
2015-2016 Alexandre Lacazette
85%
2015-2016 Alexandre Lacazette
85%
2015-2016 Alexandre Lacazette
85%
2013-2014 Alexandre Lacazette
85%
2013-2014 Alexandre Lacazette
85%
2018-2019 Romain Hamouma
76%
2016-2017 Romain Hamouma
76%
2014-2015 Romain Hamouma
76%
2013-2014 Romain Hamouma
76%
2019-2020 Robert Beric
68%
2020-2021 Memphis Depay
61%
2017-2018 Memphis Depay
61%
2021-2022 Moussa Dembele
57%
2019-2020 Moussa Dembele
57%
2019-2020 Moussa Dembele
57%
2018-2019 Moussa Dembele
57%
2011-2012 Bafétimbi Gomis
55%
2010-2011 Bafétimbi Gomis
55%
2021-2022 Wahbi Khazri
47%
2010-2011 Dimitri Payet
45%
2021-2022 Houssem Aouar
42%
2017-2018 Mariano Diaz
39%
2017-2018 Mariano Diaz
39%
2014-2015 Max Alain Gradel
39%
2013-2014 Max Alain Gradel
39%
2016-2017 Monnet-Paquet
39%
2015-2016 Alexander Soderlund
36%
2014-2015 Bayal Sall
35%
2010-2011 Bayal Sall (CSC°
35%
2020-2021 Tino Kadewere
34%
2020-2021 Tino Kadewere
34%
2020-2021 Tino Kadewere
34%
2020-2021 Tino Kadewere
34%
2017-2018 Bertrand Traore
31%
2017-2018 Mathieu Debuchy
31%
2014-2015 Renaud Cohade
30%
2013-2014 Jimmy Briand
25%
2011-2012 Jimmy Briand
25%
2010-2011 Jimmy Briand
25%
2020-2021 Anthony Lopes (CSC)
24%
2020-2021 Marcelo
22%
2020-2021 Marcelo
22%
2018-2019 Jason Denayer
21%
2012-2013 Yoann Gourcuff
21%
2011-2012 Yoann Gourcuff
21%
2016-2017 Rachid Ghezzal
20%
2013-2014 Mevlut Erding
19%
2012-2013 Michel Bastos
18%
2010-2011 Michel Bastos
18%
2014-2015 Christophe Jallet
16%
2012-2013 Kurt Zouma
16%
2014-2015 Van Wolfswinkel
16%
2016-2017 Sergi Darder
12%
2014-2015 Clinton Njie
11%
2010-2011 Carlos Bocanegra
3%
Aucun quiz correspondant
Distribution des résultats
% des personnes avec chaque résultat
Percentile par nombre de réponses
Votre historique - résultats
Vous n’avez pas pris ce quiz